| 000 | 00220nam a22000857a 4500 | ||
|---|---|---|---|
| 999 |
_c1310 _d1310 |
||
| 003 | OSt | ||
| 005 | 20170922100506.0 | ||
| 008 | 160630b xxu||||| |||| 00| 0 eng d | ||
| 020 | _a9788176485431 | ||
| 040 | _cTEST | ||
| 100 |
_91583 _aMehta, S., et al |
||
| 245 | _aUnderstanding Aids | ||
| 260 |
_aNEW DELHI _bA.P.H _c2004 |
||
| 942 |
_2ddc _cBK |
||